| 000 | 00457nam a2200181Ia 4500 | ||
|---|---|---|---|
| 001 | 18532 | ||
| 005 | 20260306171637.0 | ||
| 008 | 260306s9999||||xx |||||||||||||| ||und|| | ||
| 041 | _aESP | ||
| 082 |
_a658.4063 _bS86 |
||
| 100 |
_aSuberviola Ovejas, Iratxe _eAUT |
||
| 245 | 0 | _aLa creatividad en la gestión de las organizaciones | |
| 260 | _c2016 | ||
| 300 |
_a196 páginas : _c24 cm. |
||
| 650 | _aGEN | ||
| 654 | _aCAN | ||
| 942 |
_cLIB _dJUS _fJUS _2ddc _n |
||
| 999 |
_c18532 _d18532 |
||